000 00394nam a2200169Ia 4500
008 230524s9999 xx 000 0 und d
020 _a8121923344
082 _a658.331
_bMIS
100 _aM N Mishra
245 0 _aModern Concepts of Insurance
250 _aIST
260 _aNEW DELHI
_c2008
300 _aXVI;643
500 _aQuantity Number: 2
650 _aManagement
942 _cBK
999 _c43417
_d43417